It looks like you're offline.
Open Library logo
additional options menu

MARC record from Internet Archive

LEADER: 01068cam a2200337 a 4500
001 7792232
005 20221201031909.0
008 100126s2009 enka 001 0 eng
010 $a 2009415960
015 $aGBA971577$2bnb
016 7 $a015331753$2Uk
020 $a9780852651414 (hbk.)
020 $a0852651414 (hbk.)
035 $a(OCoLC)ocn427611151
035 $a(OCoLC)427611151
035 $a(NNC)7792232
035 $a7792232
040 $aUKM$cUKM$dDLC$dYDXCP
042 $alccopycat
050 00 $aTR680$b.B63 2009
082 04 $a779.2092$222
100 1 $aBown, Jane.$0http://id.loc.gov/authorities/names/n81085284
245 10 $aExposures /$cJane Bown.
260 $aLondon :$bGuardian Books,$c2009.
300 $axii, 224 pages :$billustrations ;$c27 cm
336 $atext$btxt$2rdacontent
337 $aunmediated$bn$2rdamedia
500 $aIncludes index.
650 0 $aPortrait photography.$0http://id.loc.gov/authorities/subjects/sh85101240
600 10 $aBown, Jane.$0http://id.loc.gov/authorities/names/n81085284
852 80 $bfax$hNH32 B68$iB6834